Fenómenos de corrupción en el mundo actual: relación entre lo privado y lo público

Uloženo v:
Podrobná bibliografie
Hlavní autor: Barra Gallardo, Nancy (Autor)
Médium: Kniha
Jazyk:španělština
Vydáno: Santiago LexisNexis 2007
Vydání:1a. ed
Témata:
Tagy: Přidat tag
Žádné tagy, Buďte první, kdo vytvoří štítek k tomuto záznamu!

MARC

LEADER 00000nam a2200000 a 4500
001 UCI4326
003 CL-VaPUC
008 080111e20070000CL |||||||||||||||||spa|d
020 |a 9789562387385 
082 0 4 |a 364.1323  |b BAR  |2 21 
100 0 |a Barra Gallardo, Nancy  |e author  |9 526156 
245 1 0 |a Fenómenos de corrupción en el mundo actual: relación entre lo privado y lo público 
250 |a 1a. ed 
300 |a 124 p 
942 |c BK 
945 |d 20080111 00:00:00  |a jtorresc 
260 |a Santiago  |b LexisNexis  |c 2007 
650 0 |a Corrupción política  |9 376572 
650 0 |a Poder político  |9 255509 
650 0 |a Derecho público   |9 255910 
650 0 |a Código penal  |9 255935 
650 0 |a Globalización  |9 361930 
583 |a last modification  |c 20080111 00:00:00  |k Rodrigo Vera 
999 |c 328280  |d 328278 
952 |0 0  |1 0  |4 0  |6 364_132300000000000_BAR_2007  |7 0  |8 A  |9 412106  |a BIBDER  |b BIBDER  |d 2019-11-22  |i 4400194  |l 4  |m 2  |o 364.1323 BAR 2007  |p 4400194  |r 2024-10-02  |s 2024-09-05  |w 2019-11-22  |y BK  |k DER